Statistics for States Carried By 1952 Candidates

Click here to take the quiz!

General Stats

  • This quiz has been taken 120 times
  • The average score is 30 of 48

Answer Stats

Popular Vote PercentageStatePresidential Candidate% Correct
64.55%AlabamaAdlai Stevenson
67%
58.35%ArizonaDwight D. Eisenhower
67%
55.90%ArkansasAdlai Stevenson
67%
56.35%CaliforniaDwight D. Eisenhower
67%
60.27%ColoradoDwight D. Eisenhower
67%
55.70%ConnecticutDwight D. Eisenhower
67%
51.75%DelawareDwight D. Eisenhower
67%
54.99%FloridaDwight D. Eisenhower
67%
69.66%GeorgiaAdlai Stevenson
67%
65.41%IdahoDwight D. Eisenhower
67%
54.84%IllinoisDwight D. Eisenhower
67%
58.11%IndianaDwight D. Eisenhower
67%
63.75%IowaDwight D. Eisenhower
67%
49.91%KentuckyAdlai Stevenson
67%
52.92%LouisianaAdlai Stevenson
67%
66.05%MaineDwight D. Eisenhower
67%
55.36%MarylandDwight D. Eisenhower
67%
54.22%MassachusettsDwight D. Eisenhower
67%
55.44%MichiganDwight D. Eisenhower
67%
55.33%MinnesotaDwight D. Eisenhower
67%
60.44%MississippiAdlai Stevenson
67%
50.71%MissouriDwight D. Eisenhower
67%
61.45%NevadaDwight D. Eisenhower
67%
60.92%New HampshireDwight D. Eisenhower
67%
56.81%New JerseyDwight D. Eisenhower
67%
55.39%New MexicoDwight D. Eisenhower
67%
55.45%New YorkDwight D. Eisenhower
67%
53.91%North CarolinaAdlai Stevenson
67%
56.76%OhioDwight D. Eisenhower
67%
54.59%OklahomaDwight D. Eisenhower
67%
60.54%OregonDwight D. Eisenhower
67%
52.74%PennsylvaniaDwight D. Eisenhower
67%
50.89%Rhode IslandDwight D. Eisenhower
67%
50.72%South CarolinaAdlai Stevenson
67%
49.99%TennesseeDwight D. Eisenhower
67%
53.13%TexasDwight D. Eisenhower
67%
58.93%UtahDwight D. Eisenhower
67%
71.45%VermontDwight D. Eisenhower
67%
56.32%VirginiaDwight D. Eisenhower
67%
54.33%WashingtonDwight D. Eisenhower
67%
51.92%West VirginiaAdlai Stevenson
67%
60.95%WisconsinDwight D. Eisenhower
67%
62.71%WyomingDwight D. Eisenhower
67%
68.77%KansasDwight D. Eisenhower
33%
59.39%MontanaDwight D. Eisenhower
33%
69.15%NebraskaDwight D. Eisenhower
33%
70.97%North DakotaDwight D. Eisenhower
33%
69.27%South DakotaDwight D. Eisenhower
33%

Score Distribution

Percentile by Number Answered

Percent of People with Each Score

Your Score History

You have not taken this quiz